00451nam a2200157 i 4500001001100000003000500011005001700016008004100033040002500074082001200099245004300111264007000154336002100224337002500245338002300270C2-0281163PPAK20180728011832.0070805s2001 my |||| ||||| | may d aPPAKbengcPPAKerda04a32022300aPolitik (Keratan Akhbar Koleksi Kedah) 1aAlor Setar, Kedah : bPerbadanan Perpustakaan Awam Kedah , c2001 2rdacontentatext 2rdamediaaunmediated 2rdacarrieravolume